| 000 | 00717nam a2200229 i 4500 | ||
|---|---|---|---|
| 001 | 150407 | ||
| 003 | ES-MaACL | ||
| 005 | 20260610142459.0 | ||
| 007 | t| | ||
| 008 | 071030s1944 sp ||||1| spa d | ||
| 100 | 1 |
_aValéry, Paul, _d1871-1945 _9243197 |
|
| 245 | 1 | 3 |
_aEl alma y la danza ; Eupalinos, o el Arquitecto / _cPaul Valery ; [traducción del francés por José Carner]. |
| 250 | _a2ª ed. | ||
| 260 |
_a[S.l. : _bs.n.], _c1944. |
||
| 300 |
_a171 p. ; _c21 cm. |
||
| 490 | 1 | _aBiblioteca filosófica | |
| 700 | 1 |
_aCarner, Josep. _935366 |
|
| 740 | 0 | _aEupalinos, o el Arquitecto. | |
| 830 | 0 | 0 |
_aBiblioteca filosófica _9179275 |
| 852 |
_aES-MaACL _jC-4099 _bR.23747 |
||
| 999 |
_c150407 _d150407 |
||